Why Am I Still Fat? (Record no. 335146)
[ view plain ]
| 000 -LEADER | |
|---|---|
| fixed length control field | 00499nam a2200097Ia 4500 |
| 008 - FIXED-LENGTH DATA ELEMENTS--GENERAL INFORMATION | |
| fixed length control field | 170517s9999 xx 000 0 und d |
| 245 ## - TITLE STATEMENT | |
| Title | Why Am I Still Fat? |
| 300 ## - PHYSICAL DESCRIPTION | |
| Extent | Obesity continues to plague every corner of society, and has brought about a flurry of critical health issues never before witnessed in modern medicine. The Australian produced documentary Why Am I Still Fat? focuses on the science behind this... |
| 650 ## - SUBJECT ADDED ENTRY--TOPICAL TERM | |
| General subdivision | Technology. |
| 856 ## - ELECTRONIC LOCATION AND ACCESS | |
| Uniform Resource Identifier | <a href="http://topdocumentaryfilms.com/why-still-fat/">http://topdocumentaryfilms.com/why-still-fat/</a> |
| Withdrawn status | Lost status | Damaged status | Home library | Current library | Date acquired | Total Checkouts | Date last seen | Price effective from | Koha item type |
|---|---|---|---|---|---|---|---|---|---|
| College Library | College Library | 05/17/2017 | 05/17/2017 | 05/17/2017 | Documentary Films |